[Event "Konik Morski Rewala OPEN A"]
[Site "Rewal"]
[Date "2007.08.27"]
[Round "7.42"]
[White "Mazalon, Mariusz"]
[Black "Kowalska, Sara"]
[Result "1/2-1/2"]
[WhiteElo "2158"]
[BlackElo "1867"]
[PlyCount "58"]
[EventDate "2007.??.??"]

1. e4 e5 2. Nf3 Nc6 3. d4 exd4 4. c3 d5 5. exd5 Qxd5 6. cxd4 Bb4+ 7. Nc3 Bg4 8.
Be2 Nf6 9. O-O Bxc3 10. bxc3 O-O 11. h3 Bh5 12. Bf4 Qd7 13. Rb1 Nd5 14. Bd2 Nb6
15. Be3 Rfe8 16. Re1 Na5 17. Ne5 Bxe2 18. Qxe2 Qe6 19. Qb5 Nc6 20. Nd3 Qxa2 21.
Nc5 a6 22. Qd3 Qd5 23. c4 Qxc4 24. Qxc4 Nxc4 25. Rxb7 N6a5 26. Ra1 Nxe3 27.
fxe3 Nc4 28. Rxa6 Rxa6 29. Nxa6 Nxe3 1/2-1/2

[Event "Konik Morski Rewala OPEN A"]
[Site "Rewal"]
[Date "2007.08.27"]
[Round "7.43"]
[White "Wandzik, Wojciech"]
[Black "Matuszewski, Michal"]
[Result "1-0"]
[WhiteElo "2009"]
[BlackElo "2144"]
[PlyCount "77"]
[EventDate "2007.??.??"]

1. e4 Nf6 2. e5 Nd5 3. d4 d6 4. exd6 cxd6 5. Nf3 Nb6 6. Be2 g6 7. O-O Bg7 8.
Be3 O-O 9. c4 N8d7 10. Nc3 Nf6 11. Rc1 Be6 12. b3 h6 13. Qc2 Bf5 14. Bd3 Bxd3
15. Qxd3 Rc8 16. Rfd1 a6 17. Ne4 Nbd7 18. Nfd2 Ng4 19. Nf3 Nxe3 20. Qxe3 Re8
21. b4 Kh7 22. a3 Nf6 23. c5 Nxe4 24. Qxe4 dxc5 25. dxc5 Qc7 26. Rd3 Rcd8 27.
Rcd1 Rxd3 28. Rxd3 e5 29. Rd6 a5 30. h4 axb4 31. axb4 f5 32. Qd5 Re7 33. b5 Rf7
34. b6 Qe7 35. c6 bxc6 36. Rxc6 Qb7 37. Qd6 Rf6 38. Qxf6 Bxf6 39. Rc7+ 1-0

[Event "Konik Morski Rewala OPEN A"]
[Site "Rewal"]
[Date "2007.08.27"]
[Round "7.44"]
[White "Tsifanskaya, Ludmila A"]
[Black "Pacak, Mateusz"]
[Result "1-0"]
[WhiteElo "2170"]
[BlackElo "1885"]
[PlyCount "113"]
[EventDate "2007.??.??"]

1. Nf3 e6 2. g3 f5 3. Bg2 Nf6 4. O-O Be7 5. d3 O-O 6. Nbd2 d5 7. c4 c6 8. b3
Nbd7 9. Bb2 Nh5 10. Nd4 Ndf6 11. e4 dxe4 12. dxe4 Bc5 13. Nc2 Ng4 14. b4 Bb6
15. c5 Bc7 16. Nc4 Qg5 17. e5 f4 18. Qe2 Nxh2 19. Kxh2 fxg3+ 20. fxg3 Qxg3+ 21.
Kg1 Nf4 22. Rxf4 Rxf4 23. Nd6 Bd7 24. Rf1 Raf8 25. Rxf4 Rxf4 26. Bc1 Rf8 27.
Bd2 Bd8 28. Be1 Qg6 29. Nxb7 Bg5 30. Nd4 Bc8 31. Nd6 Ba6 32. b5 cxb5 33. Nf3
Bf4 34. c6 Qh6 35. Bf2 g5 36. Ne4 g4 37. Nf6+ Rxf6 38. exf6 Qxf6 39. Nd4 e5 40.
Qxg4+ Kh8 41. Ne2 Bh6 42. c7 Qf8 43. Bh3 Qg8 44. Qxg8+ Kxg8 45. Bxa7 Kf7 46.
c8=Q Bxc8 47. Bxc8 Bf8 48. Kf2 Kf6 49. Be3 h5 50. Nc3 b4 51. Nd5+ Kg6 52. Bd2
Bc5+ 53. Kf3 h4 54. Bxb4 Bd4 55. Be1 Kg5 56. Ke4 Kh5 57. Ne3 1-0

[Event "Konik Morski Rewala OPEN A"]
[Site "Rewal"]
[Date "2007.08.27"]
[Round "7.45"]
[White "Siwiec, Arkadiusz"]
[Black "Slezak, Robert"]
[Result "1-0"]
[WhiteElo "2048"]
[BlackElo "2167"]
[PlyCount "71"]
[EventDate "2007.??.??"]

1. e4 c5 2. Nf3 Nc6 3. d4 cxd4 4. Nxd4 e5 5. Nb5 d6 6. N1c3 a6 7. Na3 b5 8. Nd5
Nce7 9. Ne3 Nf6 10. Bd3 d5 11. exd5 Nexd5 12. O-O Nxe3 13. Bxe3 Ng4 14. Nxb5
axb5 15. Bxb5+ Bd7 16. Qxg4 Bxb5 17. Rfd1 Qc7 18. Rd5 Bd7 19. Qe4 Ra6 20. Rad1
Be6 21. Rd8+ Qxd8 22. Rxd8+ Kxd8 23. Qb7 Rd6 24. Bb6+ Rxb6 25. Qxb6+ Kd7 26.
Qb7+ Kd8 27. a4 Bd6 28. a5 Re8 29. a6 Re7 30. Qa8+ Bc8 31. a7 Rc7 32. Qd5 Rxa7
33. Qxd6+ Rd7 34. Qb6+ Ke8 35. h3 f6 36. c4 1-0

[Event "Konik Morski Rewala OPEN A"]
[Site "Rewal"]
[Date "2007.08.27"]
[Round "7.46"]
[White "Kielar, Maciej"]
[Black "Majcher, Marcin"]
[Result "0-1"]
[WhiteElo "1976"]
[BlackElo "2163"]
[PlyCount "50"]
[EventDate "2007.??.??"]

1. e4 c5 2. d3 Nc6 3. g3 g6 4. Bg2 Bg7 5. c3 d6 6. Ne2 e5 7. O-O Nge7 8. f4 O-O
9. Be3 f5 10. fxe5 Nxe5 11. h3 Be6 12. Na3 Qd7 13. Kh2 fxe4 14. dxe4 Rxf1 15.
Qxf1 Rf8 16. Qh1 Bg4 17. Nf4 g5 18. Nd5 Nf3+ 19. Bxf3 Bxf3 20. Qe1 Nxd5 21.
exd5 Bxd5 22. Rd1 Qf5 23. Qd2 Bc6 24. Qxd6 Qf3 25. Qd2 Be5 0-1

[Event "Konik Morski Rewala OPEN A"]
[Site "Rewal"]
[Date "2007.08.27"]
[Round "7.47"]
[White "Dudys, Jakub"]
[Black "Raczynski, Marcin"]
[Result "1-0"]
[WhiteElo "2162"]
[BlackElo "2044"]
[PlyCount "53"]
[EventDate "2007.??.??"]

1. e4 c5 2. Nf3 Nc6 3. d4 cxd4 4. Nxd4 g6 5. c4 d6 6. Nc3 Nf6 7. Be2 Nxd4 8.
Qxd4 Bg7 9. Be3 O-O 10. Qd2 a5 11. O-O a4 12. Rab1 Bd7 13. f3 Qa5 14. Rfd1 Bc6
15. Bf1 Nd7 16. Rdc1 Qd8 17. b4 axb3 18. axb3 f5 19. exf5 gxf5 20. b4 Ne5 21.
Be2 Kh8 22. Nd5 Nf7 23. Nf4 Qc8 24. Nh5 Rg8 25. c5 Qe6 26. b5 Qg6 27. Nf4 1-0

[Event "Konik Morski Rewala OPEN A"]
[Site "Rewal"]
[Date "2007.08.27"]
[Round "7.48"]
[White "Czachor, Radoslaw"]
[Black "Zilinskas, Vaidas"]
[Result "0-1"]
[WhiteElo "2038"]
[BlackElo "2150"]
[PlyCount "69"]
[EventDate "2007.??.??"]

1. e4 e5 2. Nf3 Nc6 3. d4 exd4 4. Nxd4 Nf6 5. Nxc6 bxc6 6. e5 Ne4 7. Qd4 Ng5 8.
Bc4 d5 9. exd6 cxd6 10. O-O Ne6 11. Bxe6 Bxe6 12. Re1 Qb6 13. Qc3 d5 14. Be3 c5
15. Bf4 d4 16. Qf3 Rc8 17. Nd2 Be7 18. Qg3 g5 19. Bxg5 Rg8 20. f4 h6 21. h4
hxg5 22. f5 Bxf5 23. Nc4 Qb8 24. Qxb8 Rxb8 25. Nd6+ Kd7 26. Nxf5 Bf6 27. Nh6
Rg6 28. hxg5 Rxg5 29. Nxf7 Rh5 30. g4 Rh4 31. Ne5+ Bxe5 32. Rxe5 Rxg4+ 33. Kf2
Rf8+ 34. Ke2 Kd6 35. Re8 0-1

[Event "Konik Morski Rewala OPEN A"]
[Site "Rewal"]
[Date "2007.08.27"]
[Round "7.49"]
[White "Labedz, Patrycja"]
[Black "Tofil, Borys"]
[Result "0-1"]
[WhiteElo "1942"]
[BlackElo "2148"]
[PlyCount "62"]
[EventDate "2007.??.??"]

1. d4 d6 2. Nf3 g6 3. Bf4 Bg7 4. e3 Nf6 5. h3 O-O 6. Be2 b6 7. O-O Bb7 8. Bh2
Nbd7 9. Nbd2 c5 10. c3 Re8 11. a4 Qc7 12. Qb3 a6 13. Rad1 h6 14. Bc4 e6 15.
Rfe1 Qc6 16. Bf1 Rad8 17. Qc2 e5 18. dxe5 dxe5 19. Nc4 e4 20. Nfe5 Nxe5 21.
Nxe5 Qe6 22. Nc4 Bd5 23. Qe2 Rd7 24. Rd2 Bxc4 25. Qd1 Bxf1 26. Rxf1 Red8 27.
Rxd7 Rxd7 28. Qc2 Rd3 29. Bg3 Nh5 30. Bc7 Be5 31. Bxe5 Qxe5 0-1

[Event "Konik Morski Rewala OPEN A"]
[Site "Rewal"]
[Date "2007.08.27"]
[Round "7.50"]
[White "Kunicki, Michal"]
[Black "Musialkiewicz, Jan"]
[Result "1-0"]
[WhiteElo "2120"]
[BlackElo "1926"]
[PlyCount "60"]
[EventDate "2007.??.??"]

1. d4 d5 2. c4 dxc4 3. Nf3 c5 4. d5 Nf6 5. Nc3 e6 6. e4 exd5 7. e5 d4 8. exf6
dxc3 9. Qxd8+ Kxd8 10. Bg5 Kc7 11. bxc3 Be6 12. Ne5 Nd7 13. Nxd7 Kxd7 14.
O-O-O+ Kc6 15. Be2 a6 16. Bf3+ Kb6 17. Rd2 Ra7 18. Bf4 a5 19. Bb8 Ka6 20. Bxa7
Kxa7 21. Bd5 Bf5 22. Bxc4 gxf6 23. f4 Bh6 24. g3 Be4 25. Re1 f5 26. Bd5 Re8 27.
Rde2 Bg7 28. Bxe4 fxe4 29. Rxe4 Rc8 30. Kc2 Bf6 1-0

[Event "Konik Morski Rewala OPEN A"]
[Site "Rewal"]
[Date "2007.08.27"]
[Round "7.51"]
[White "Cherednichenko, Elena"]
[Black "Latocha, Aleksander"]
[Result "1-0"]
[WhiteElo "2105"]
[BlackElo "1817"]
[PlyCount "58"]
[EventDate "2007.??.??"]

1. d4 d5 2. c4 c6 3. e3 Nf6 4. Nc3 e6 5. Nf3 Nbd7 6. Bd3 Be7 7. O-O O-O 8. b3
b6 9. Bb2 Bb7 10. e4 dxe4 11. Nxe4 c5 12. Nxf6+ Bxf6 13. Qe2 Qe7 14. Qc2 Rfd8
15. Rad1 Rac8 16. Rfe1 cxd4 17. Nxd4 Nc5 18. Bf1 Bxd4 19. Bxd4 Rc7 20. Be5 Rcd7
21. b4 Na6 22. a3 Nc7 23. Bd3 h6 24. f3 Ne8 25. Qb3 Bc6 26. Bc2 Bb7 27. Rd3 Qg5
28. Kh1 Qh5 29. Rxd7 Rxd7 1-0

[Event "Konik Morski Rewala OPEN A"]
[Site "Rewal"]
[Date "2007.08.27"]
[Round "7.52"]
[White "Wiewiora, Eneasz"]
[Black "Schroeter, Guenter"]
[Result "1-0"]
[WhiteElo "1911"]
[BlackElo "2104"]
[PlyCount "21"]
[EventDate "2007.??.??"]

1. e4 c6 2. d4 d5 3. exd5 cxd5 4. c4 Nf6 5. Nf3 Nc6 6. Nc3 Bg4 7. cxd5 Nxd5 8.
Qb3 Bxf3 9. gxf3 Nxd4 10. Bb5+ Nxb5 11. Qxb5+ 1-0

[Event "Konik Morski Rewala OPEN A"]
[Site "Rewal"]
[Date "2007.08.27"]
[Round "7.53"]
[White "Gorol, Magdalena"]
[Black "Organisciak, Wojciech"]
[Result "1/2-1/2"]
[WhiteElo "1834"]
[BlackElo "2095"]
[PlyCount "38"]
[EventDate "2007.??.??"]

1. e4 a6 2. d4 b5 3. c4 Bb7 4. Qc2 c5 5. cxb5 cxd4 6. Nf3 Nf6 7. Nbd2 d5 8. e5
Nfd7 9. Nb3 Qb6 10. Bf4 f6 11. Qf5 e6 12. Qh3 Bb4+ 13. Kd1 f5 14. Rc1 axb5 15.
a3 Bf8 16. Nbxd4 b4 17. Nb5 bxa3 18. bxa3 Nc5 19. Ng5 Nbd7 1/2-1/2

[Event "Konik Morski Rewala OPEN A"]
[Site "Rewal"]
[Date "2007.08.27"]
[Round "7.54"]
[White "Morozova, Julia"]
[Black "Krasnodebska, Magdalena"]
[Result "1-0"]
[WhiteElo "2073"]
[BlackElo "1992"]
[PlyCount "57"]
[EventDate "2007.??.??"]

1. d4 Nf6 2. Nf3 e6 3. e3 d5 4. Bd3 c5 5. b3 Nc6 6. O-O cxd4 7. exd4 Bd6 8. Bb2
O-O 9. a3 b6 10. Ne5 Qc7 11. f4 a5 12. Nd2 Ba6 13. c4 Rfd8 14. Qf3 a4 15. b4
dxc4 16. Ndxc4 Bb7 17. Qh3 b5 18. Nxd6 Qxd6 19. Rad1 h6 20. Bxb5 Nxb4 21. axb4
Qxb4 22. Nc6 Bxc6 23. Bxc6 Rac8 24. Ba3 Qb6 25. Bxa4 Qa5 26. Be7 Rd5 27. Bb3
Rb5 28. Bxf6 gxf6 29. Bxe6 1-0

[Event "Konik Morski Rewala OPEN A"]
[Site "Rewal"]
[Date "2007.08.27"]
[Round "7.55"]
[White "Jensen, Christine"]
[Black "Korosciel, Aneta"]
[Result "0-1"]
[WhiteElo "2018"]
[BlackElo "2105"]
[PlyCount "106"]
[EventDate "2007.??.??"]

1. d4 Nf6 2. g3 e6 3. Bg2 d5 4. c4 Be7 5. Nf3 O-O 6. O-O Nbd7 7. cxd5 exd5 8.
Nc3 c6 9. Bg5 Ne4 10. Bxe7 Qxe7 11. Qc2 Ndf6 12. Rac1 Re8 13. e3 Bf5 14. Nh4
Bd7 15. a3 g5 16. Nf3 Bf5 17. Qe2 Nxc3 18. Rxc3 Ne4 19. Rcc1 f6 20. b4 Nd6 21.
Nd2 a5 22. Nb3 axb4 23. axb4 Ra3 24. Nc5 b6 25. Qb2 Rea8 26. Nb3 Nc4 27. Qc3
R8a4 28. b5 Rb4 29. bxc6 Raxb3 30. Bxd5+ Kg7 31. Qxb3 Rxb3 32. Bxc4 Ra3 33. Be2
Ra7 34. Bf3 Rc7 35. d5 g4 36. Bg2 Qd6 37. Rfd1 b5 38. e4 Bc8 39. Ra1 b4 40.
Rdb1 f5 41. Ra4 b3 42. exf5 Bxf5 43. Rxb3 Rxc6 44. dxc6 Qd1+ 45. Bf1 Qxb3 46.
Rc4 Qb1 47. Rc3 Qa1 48. Rb3 Qc1 49. Rb7+ Kg6 50. Rb6 Bd3 51. c7+ Kg7 52. h4
Qxf1+ 53. Kh2 Qxf2+ 0-1

[Event "Konik Morski Rewala OPEN A"]
[Site "Rewal"]
[Date "2007.08.27"]
[Round "7.57"]
[White "Dombrowski, Bartosz"]
[Black "Dinckel, Joerg"]
[Result "1-0"]
[WhiteElo "1942"]
[BlackElo "2066"]
[PlyCount "51"]
[EventDate "2007.??.??"]

1. e4 c5 2. Nf3 e6 3. d4 cxd4 4. Nxd4 Nf6 5. Nc3 Nc6 6. Ndb5 Bb4 7. a3 Bxc3+ 8.
Nxc3 d5 9. exd5 exd5 10. Bd3 O-O 11. O-O d4 12. Ne2 Bg4 13. f3 Bh5 14. Nf4 Qd6
15. Nxh5 Nxh5 16. f4 Nf6 17. Bd2 Rfe8 18. Qf3 Re7 19. b4 a6 20. Rae1 Rae8 21.
Rxe7 Rxe7 22. g4 Qd5 23. Qh3 Ne4 24. Re1 g6 25. Rxe4 Rxe4 26. Qg2 1-0

[Event "Konik Morski Rewala OPEN A"]
[Site "Rewal"]
[Date "2007.08.27"]
[Round "7.58"]
[White "Malczyk, Jakub"]
[Black "Walas, Aleksandra"]
[Result "1-0"]
[WhiteElo "2050"]
[BlackElo "1884"]
[PlyCount "47"]
[EventDate "2007.??.??"]

1. d4 f5 2. Bg5 g6 3. e3 Bg7 4. Nf3 d6 5. c3 Nf6 6. Nbd2 O-O 7. Bh4 Kh8 8. Bc4
h6 9. O-O e6 10. Bxf6 Qxf6 11. e4 Nd7 12. Qe2 e5 13. dxe5 Nxe5 14. Nxe5 Qxe5
15. f4 Qc5+ 16. Kh1 fxe4 17. Nxe4 Qb6 18. Ng3 Bd7 19. Bd3 d5 20. Qc2 Bb5 21.
Bxb5 Qxb5 22. Qxg6 Qxb2 23. Nh5 Rg8 24. Nf6 1-0

[Event "Konik Morski Rewala OPEN A"]
[Site "Rewal"]
[Date "2007.08.27"]
[Round "7.59"]
[White "Krzywkowski, Marcin"]
[Black "Szudra, Heinz-werner"]
[Result "1/2-1/2"]
[WhiteElo "1861"]
[BlackElo "2029"]
[PlyCount "104"]
[EventDate "2007.??.??"]

1. e4 e6 2. d4 d5 3. Nc3 Bb4 4. e5 c5 5. a3 Bxc3+ 6. bxc3 Ne7 7. Qg4 O-O 8. Bd3
f5 9. exf6 Rxf6 10. Bg5 Rf7 11. Qh4 h6 12. Nf3 Nbc6 13. Bxe7 Qxe7 14. Qxe7 Rxe7
15. dxc5 e5 16. Bb5 Bg4 17. O-O Rf8 18. Nh4 Bh5 19. g4 Be8 20. Nf5 Ref7 21.
Rfe1 Bd7 22. Bxc6 bxc6 23. Rxe5 Bxf5 24. gxf5 Rxf5 25. Rxf5 Rxf5 26. Rb1 Rf3
27. Rb3 Rf4 28. Rb4 Re4 29. Kg2 Re2 30. Rb2 a5 31. Kf1 Re4 32. Rb6 Rc4 33. Rxc6
Rxc3 34. Rc8+ Kf7 35. c6 Ke7 36. c7 Kd7 37. Rg8 Kxc7 38. Rxg7+ Kd6 39. Rg6+ Kc5
40. Rxh6 Rxa3 41. Ke1 Kc4 42. Rh4+ d4 43. f4 Rc3 44. Kd2 a4 45. Rh8 Rf3 46.
Rc8+ Kb4 47. Rf8 a3 48. Rb8+ Kc4 49. Ra8 Rf2+ 50. Kd1 Kb4 51. Rb8+ Kc4 52. Ra8
Kb4 1/2-1/2

[Event "Konik Morski Rewala OPEN A"]
[Site "Rewal"]
[Date "2007.08.28"]
[Round "8.8"]
[White "Tokarski, Lukasz"]
[Black "Kukawski, Maciej"]
[Result "1/2-1/2"]
[WhiteElo "2168"]
[BlackElo "2251"]
[PlyCount "95"]
[EventDate "2007.??.??"]

1. e4 e5 2. Nf3 Nc6 3. Bb5 a6 4. Ba4 Nf6 5. O-O Be7 6. Re1 b5 7. Bb3 d6 8. c3
O-O 9. h3 Na5 10. Bc2 c5 11. d4 Nc6 12. d5 Na5 13. b3 Nb7 14. Be3 Bd7 15. Nbd2
Qc7 16. Qe2 Ne8 17. g4 g6 18. Bh6 Ng7 19. Kh2 f6 20. Rg1 Nd8 21. Be3 Nf7 22.
Nf1 Kh8 23. Ng3 Rfc8 24. Nd2 Rg8 25. Rg2 Raf8 26. Bd3 Qa5 27. c4 b4 28. Nf3 Qc7
29. Rag1 a5 30. Nd2 a4 31. h4 Qc8 32. f3 axb3 33. axb3 f5 34. gxf5 gxf5 35.
Nxf5 Nxf5 36. exf5 Bxh4 37. Rg4 Be7 38. Qg2 e4 39. Rxg8+ Rxg8 40. Qxg8+ Qxg8
41. Rxg8+ Kxg8 42. fxe4 Bg5 43. Bxg5 Nxg5 44. Kg3 Kg7 45. Kf4 Kf6 46. Nf1 Nh3+
47. Kg3 Ng5 48. Kf4 1/2-1/2

[Event "Konik Morski Rewala OPEN A"]
[Site "Rewal"]
[Date "2007.08.28"]
[Round "8.9"]
[White "Schebler, Gerhard"]
[Black "Taddei, Benoit"]
[Result "1-0"]
[WhiteElo "2496"]
[BlackElo "2247"]
[PlyCount "91"]
[EventDate "2007.??.??"]

1. Nf3 c5 2. e4 d6 3. Bb5+ Bd7 4. a4 Nc6 5. Nc3 a6 6. Bxc6 Bxc6 7. d4 cxd4 8.
Qxd4 e6 9. O-O Nf6 10. Bg5 Be7 11. Nd2 h6 12. Bh4 O-O 13. Rfe1 b5 14. Nb3 e5
15. Qd3 g5 16. Bg3 b4 17. Nd1 Qd7 18. a5 Qe6 19. Nd2 Nd7 20. Ne3 Nc5 21. Qc4
Rfc8 22. f3 b3 23. Nxb3 Nxb3 24. cxb3 Rab8 25. Rec1 Bd7 26. Qxa6 Rxb3 27. Nd5
Rcb8 28. Qc4 Bd8 29. a6 Rxb2 30. a7 Ra8 31. Rab1 Bb5 32. Qc3 Rxb1 33. Rxb1 Qd7
34. Bf2 Rxa7 35. Bxa7 Qxa7+ 36. Kh1 Bd7 37. Qa1 Qxa1 38. Rxa1 Kg7 39. Ra6 Be6
40. Rxd6 Bf6 41. Nc7 Kf8 42. Nxe6+ Ke7 43. Nxg5 hxg5 44. Ra6 Bg7 45. g3 Bf6 46.
Kg2 1-0

[Event "Konik Morski Rewala OPEN A"]
[Site "Rewal"]
[Date "2007.08.28"]
[Round "8.11"]
[White "Malinin, Vasily B"]
[Black "Chojnacki, Slawomir"]
[Result "1-0"]
[WhiteElo "2375"]
[BlackElo "2235"]
[PlyCount "97"]
[EventDate "2007.??.??"]

1. e4 c6 2. d4 d5 3. e5 Bf5 4. Nc3 e6 5. g4 Bg6 6. Nge2 h5 7. Nf4 Ne7 8. Nxg6
Nxg6 9. Bd3 Ne7 10. Be3 g6 11. f3 Nd7 12. Qd2 Qa5 13. O-O Bg7 14. b4 Qc7 15.
Rab1 a6 16. a4 b5 17. Ra1 Rb8 18. axb5 axb5 19. Ra6 Nc8 20. Bg5 Bf8 21. Ne2 Be7
22. c3 Rb6 23. Ra2 Bxg5 24. Qxg5 Qd8 25. Qe3 Rb8 26. Nf4 Qg5 27. Nxd5 Qh4 28.
Nf4 hxg4 29. fxg4 Ra8 30. Rg2 Ne7 31. Qf3 O-O 32. g5 Nb6 33. Rg4 Qh7 34. Be4
Nbd5 35. Bxd5 cxd5 36. h4 Rfc8 37. h5 Ra3 38. Ne2 gxh5 39. Rh4 Nf5 40. Rxh5 Qg7
41. Qd3 Rc4 42. Qd2 Rc8 43. Kf2 Kf8 44. Rfh1 Ke8 45. g6 Kd7 46. gxf7 Rcxc3 47.
Rxf5 exf5 48. Nxc3 f4 49. Qxf4 1-0

[Event "Konik Morski Rewala OPEN A"]
[Site "Rewal"]
[Date "2007.08.28"]
[Round "8.12"]
[White "Sieciechowicz, Marcin"]
[Black "Zierke, Oliver"]
[Result "1-0"]
[WhiteElo "2214"]
[BlackElo "2302"]
[PlyCount "120"]
[EventDate "2007.??.??"]

1. d4 Nf6 2. c4 c5 3. d5 e6 4. Nc3 exd5 5. cxd5 d6 6. e4 g6 7. f4 Bg7 8. Bb5+
Nfd7 9. a4 O-O 10. Nf3 Na6 11. O-O Nc7 12. Bd3 b6 13. Be3 Ba6 14. Bf2 Bxd3 15.
Qxd3 a6 16. Rfe1 Re8 17. Bg3 Nf6 18. Bh4 Qd7 19. e5 Nh5 20. Qd2 Bh6 21. g3 Bg7
22. Ne4 dxe5 23. d6 Ne6 24. fxe5 Nd4 25. Nxd4 cxd4 26. Bf6 Rxe5 27. Bxe5 Bxe5
28. Qg5 f5 29. Qe7 Qxe7 30. dxe7 Re8 31. Nd2 Rxe7 32. Nc4 Bf6 33. Rxe7 Bxe7 34.
Nxb6 Nf6 35. a5 Kf7 36. Kf2 Ke6 37. Rc1 Ne4+ 38. Ke2 Nc5 39. Rc4 d3+ 40. Kd1
Nb3 41. Rc3 Nc5 42. b4 Ne4 43. Rb3 Bg5 44. Nc4 d2 45. Nb2 Bf6 46. b5 axb5 47.
a6 Bd4 48. Kc2 Nc5 49. a7 Nxb3 50. a8=Q Bxb2 51. Qg8+ Ke7 52. Qxb3 Bc1 53. Qg8
b4 54. Qxh7+ Kf6 55. Qb7 g5 56. Qxb4 Ke5 57. Qe7+ Kd5 58. Qf6 Ke4 59. Qe6+ Kf3
60. Qxf5+ Ke2 1-0

[Event "Konik Morski Rewala OPEN A"]
[Site "Rewal"]
[Date "2007.08.28"]
[Round "8.13"]
[White "Jozwicki, Jakub"]
[Black "Majdan, Joanna"]
[Result "1/2-1/2"]
[WhiteElo "2178"]
[BlackElo "2296"]
[PlyCount "83"]
[EventDate "2007.??.??"]

1. e4 c5 2. Nf3 d6 3. d4 cxd4 4. Qxd4 Nc6 5. Bb5 Bd7 6. Bxc6 Bxc6 7. Nc3 e5 8.
Qd3 h6 9. O-O Nf6 10. b3 Be7 11. a4 Qd7 12. Ba3 Nh5 13. Nb5 Bxb5 14. Qxb5 Qxb5
15. axb5 Nf4 16. Rfe1 g5 17. Bc1 Ne6 18. Be3 Nc7 19. Bxa7 Nxb5 20. Bb6 Kd7 21.
Ba5 g4 22. c4 Na7 23. Nd2 Nc6 24. Bc3 Bf6 25. Nf1 Nd4 26. Bxd4 exd4 27. Rad1
Ra3 28. Rd3 b5 29. Nd2 Rc8 30. Rg3 Ra2 31. Rd1 bxc4 32. bxc4 h5 33. Kf1 Rc2 34.
Rd3 Rc3 35. Ke2 Ra8 36. Nb3 Ra2+ 37. R1d2 Rxd2+ 38. Nxd2 Rc1 39. h3 gxh3 40.
Rxh3 h4 41. Rd3 Ke6 42. f4 1/2-1/2

[Event "Konik Morski Rewala OPEN A"]
[Site "Rewal"]
[Date "2007.08.28"]
[Round "8.14"]
[White "Klekowski, Maciej"]
[Black "Swiercz, Dariusz"]
[Result "1/2-1/2"]
[WhiteElo "2118"]
[BlackElo "2281"]
[PlyCount "76"]
[EventDate "2007.??.??"]

1. c4 f5 2. Nc3 Nf6 3. d3 g6 4. g3 Bg7 5. Bg2 O-O 6. f4 d6 7. Nf3 Nc6 8. O-O e5
9. e4 exf4 10. gxf4 fxe4 11. dxe4 Be6 12. Qd3 Kh8 13. Nd5 Nd7 14. Be3 Nc5 15.
Qc2 Nxe4 16. Ng5 Nxg5 17. fxg5 Bf5 18. Qd2 Ne5 19. Rac1 c6 20. Nf6 Bxf6 21.
gxf6 Qxf6 22. c5 dxc5 23. Bg5 Qg7 24. Bh6 Qd7 25. Qxd7 Nxd7 26. Bxf8 Rxf8 27.
Rcd1 Nf6 28. Rfe1 Rf7 29. Rc1 Kg7 30. Rxc5 Rd7 31. b4 Kf7 32. b5 cxb5 33. Rxb5
b6 34. a4 Bd3 35. Rbe5 Bc4 36. Bh3 Rb7 37. Rc1 Bb3 38. Bc8 Re7 1/2-1/2

[Event "Konik Morski Rewala OPEN A"]
[Site "Rewal"]
[Date "2007.08.28"]
[Round "8.15"]
[White "Toma, Katarzyna"]
[Black "Zgadzaj, Rafal"]
[Result "0-1"]
[WhiteElo "2275"]
[BlackElo "2212"]
[PlyCount "114"]
[EventDate "2007.??.??"]

1. e4 d6 2. d4 g6 3. Nc3 Bg7 4. Bc4 c6 5. Qf3 e6 6. Nge2 Nd7 7. a4 Ne7 8. h4 d5
9. Bd3 e5 10. exd5 exd4 11. Ne4 O-O 12. dxc6 Ne5 13. Qf4 N7xc6 14. Bd2 Nxd3+
15. cxd3 Ne5 16. Qg3 Bf5 17. O-O Qd5 18. Nf4 Qb3 19. Nd6 Bxd3 20. Ra3 Qxb2 21.
Rxd3 Nxd3 22. Qxd3 Qb6 23. Ne4 Rfe8 24. Ng5 Qc6 25. Qb3 Qd7 26. a5 b6 27. a6
Rac8 28. Nf3 Rc5 29. Rd1 Qb5 30. Qd3 Rc4 31. Ra1 Qc6 32. h5 b5 33. hxg6 hxg6
34. Ng5 Bf6 35. Nxf7 Qe4 36. Nd6 Qxd3 37. Nxd3 Re2 38. Be1 Ra4 39. Rc1 Rxa6 40.
Nxb5 Kg7 41. Bb4 Rea2 42. Rc7+ Kg8 43. Rc8+ Kf7 44. Nd6+ Kg7 45. g4 Re2 46.
Ne8+ Kh6 47. Kg2 Be7 48. Be1 Ra1 49. Kf3 Raxe1 50. Nxe1 Rxe1 51. Rc7 d3 52. Rd7
Bb4 53. Nf6 d2 54. Kf4 Bd6+ 55. Rxd6 d1=Q 56. g5+ Kg7 57. Rxd1 Rxd1 0-1

[Event "Konik Morski Rewala OPEN A"]
[Site "Rewal"]
[Date "2007.08.28"]
[Round "8.16"]
[White "Diczew, Filip"]
[Black "Panocki, Adrian"]
[Result "0-1"]
[WhiteElo "2112"]
[BlackElo "2273"]
[PlyCount "101"]
[EventDate "2007.??.??"]

1. g3 Nf6 2. Bg2 g6 3. c4 Bg7 4. Nc3 c5 5. d3 Nc6 6. e4 d6 7. Nge2 O-O 8. O-O
a6 9. Rb1 Rb8 10. a3 Nd7 11. b4 b6 12. h3 Bb7 13. Be3 e6 14. b5 Nd4 15. bxa6
Bxa6 16. a4 Nxe2+ 17. Nxe2 Ne5 18. f4 Nc6 19. Kh2 Re8 20. Qd2 Nb4 21. Nc3 Qd7
22. Nb5 d5 23. e5 Red8 24. Rfd1 f6 25. cxd5 Nxd5 26. d4 Bxb5 27. axb5 Nxe3 28.
Qxe3 cxd4 29. Qe4 fxe5 30. fxe5 Rbc8 31. Qf4 Rc2 32. Kh1 d3 33. Be4 Rc4 34. Qe3
d2 35. Rb2 Qd4 36. Qxd4 Rcxd4 37. Bf3 Bxe5 38. Rb3 Rd3 39. Rxd3 Rxd3 40. Kg2
Kf7 41. g4 Ke7 42. Kf2 Bf4 43. Ke2 Re3+ 44. Kf2 Rb3 45. h4 Rxb5 46. h5 Rc5 47.
hxg6 hxg6 48. Be4 Kf6 49. Ke2 g5 50. Bd3 e5 51. Bf5 0-1

[Event "Konik Morski Rewala OPEN A"]
[Site "Rewal"]
[Date "2007.08.28"]
[Round "8.17"]
[White "Galazewski, Tomasz"]
[Black "Tokarski, Bartosz"]
[Result "1-0"]
[WhiteElo "2259"]
[BlackElo "2100"]
[PlyCount "171"]
[EventDate "2007.??.??"]

1. Nf3 Nf6 2. g3 g6 3. Bg2 Bg7 4. O-O O-O 5. d3 d5 6. c4 c5 7. Nc3 Nc6 8. cxd5
Nxd5 9. Nxd5 Qxd5 10. Be3 Bxb2 11. Rb1 Bf6 12. Nd4 Qd6 13. Nxc6 bxc6 14. Qa4
Be6 15. Bxc6 Rab8 16. Rxb8 Rxb8 17. Bf3 Rb2 18. Qxa7 Rxa2 19. Qxc5 Qxc5 20.
Bxc5 Rc2 21. Be3 Ra2 22. Bc5 Rc2 23. Be3 Ra2 24. d4 Bc4 25. Rc1 Ba6 26. d5 Ra1
27. Rxa1 Bxa1 28. Bc5 Kf8 29. e4 Ke8 30. Bd1 Bb5 31. f4 e6 32. dxe6 fxe6 33. e5
Bc3 34. Kf2 Bc6 35. Ke2 Bb5+ 36. Ke3 Be1 37. Bb3 Bd7 38. Ke2 Ba5 39. Kd3 Bb5+
40. Kd4 Bd7 41. Kc4 Bc6 42. Bd1 Bd2 43. Bd4 Kd7 44. Kc5 Ba5 45. Bb3 Be4 46.
Ba4+ Kc7 47. Kb5 Be1 48. Ka6 Bb7+ 49. Ka7 Bc6 50. Bb3 Kd7 51. Kb6 Be4 52. Ba4+
Ke7 53. Bc5+ Kd8 54. Bb3 Kd7 55. Be3 Bb4 56. Ba4+ Kd8 57. Bb5 Bd5 58. Ka6 Be4
59. Bb6+ Kc8 60. Be8 Bd3+ 61. Ka7 Be4 62. Bb5 Bd5 63. Ba6+ Kd7 64. Kb8 Be7 65.
Bc8+ Ke8 66. Bc7 Bc5 67. g4 Bg1 68. h3 Kf7 69. Bd8 Bg2 70. f5 gxf5 71. gxf5 Bd5
72. Kc7 Bc5 73. h4 Be7 74. Bxe7 Kxe7 75. f6+ Kf7 76. Bb7 Bb3 77. Be4 h6 78. h5
Bc4 79. Bg6+ Kf8 80. Kd6 Bb3 81. Bh7 Bd5 82. Bg8 Bf3 83. Bxe6 Bxh5 84. Bf5 Bd1
85. e6 Ba4 86. Bg6 1-0

[Event "Konik Morski Rewala OPEN A"]
[Site "Rewal"]
[Date "2007.08.28"]
[Round "8.18"]
[White "Klim, Kamil"]
[Black "Gumula, Daniel"]
[Result "1/2-1/2"]
[WhiteElo "2126"]
[BlackElo "2387"]
[PlyCount "70"]
[EventDate "2007.??.??"]

1. d4 Nf6 2. c4 e6 3. Nc3 Bb4 4. f3 d5 5. a3 Bxc3+ 6. bxc3 c5 7. cxd5 Nxd5 8.
dxc5 Qa5 9. e4 Ne7 10. Be3 O-O 11. Qb3 Nbc6 12. Nh3 Ng6 13. Nf2 Qc7 14. g3 Na5
15. Qb4 f5 16. exf5 exf5 17. Nd3 Nc6 18. Qc4+ Kh8 19. f4 Re8 20. Kf2 Be6 21.
Qa4 Bd5 22. Rg1 Qf7 23. Re1 a6 24. Qc2 Rad8 25. Nb4 Bb3 26. Qc1 Nge7 27. Bg2
Nd5 28. Nxc6 bxc6 29. Bd4 Bc4 30. Rxe8+ Rxe8 31. Re1 Kg8 32. Rxe8+ Qxe8 33. Qe1
Qxe1+ 34. Kxe1 Kf7 35. Bxd5+ Bxd5 1/2-1/2